| 000 | 00000nam##2200000za#4500 |
| 001 | 9.648153 |
| 003 | CaOODSP |
| 005 | 20200330091830 |
| 007 | ta |
| 008 | 150407|2001||||xxc||||| f|0| 0 eng|d |
| 020 | |a0-662-30413-6 |
| 040 | |aCaOODSP|beng |
| 043 | |an-cn--- |
| 086 | 1 |aE2-334/1999E |
| 110 | 1 |aCanada.|bForeign Affairs and International Trade. |bCanadian Centre for Foreign Policy Development. |
| 245 | 10|aReport from the Conference on New Diplomacy : |bthe United Nations, like-minded countries and non-governmental organizations / |cby Marketa Geislerova. |
| 260 | |aOttawa - Ontario : |bForeign Affairs and International Trade. |c2001. |
| 300 | |a17p. ; |c28 cm. |
| 563 | |aSoftcover |
| 590 | |a01-48|b2001-11-30 |
| 690 | 07|aForeign policy|2gcpds |
| 690 | 07|aNongovernmental organizations|2gcpds |
| 690 | 07|aConferences|2gcpds |
| 720 | 1 |aGeislerova, Marketa |
| 776 | 0#|tReport from the Conference on New Diplomacy : |w(CaOODSP)9.686091 |
| 986 | |a1011.6E |